000 00383nam a2200145Ia 4500
008 191201s2005 xx 000 0 und d
082 _a621.43
_bDOC
100 _aDOMKUNDWAR, Anand V
245 2 _aCourse In Internal Combustion Engines Si Units
250 _a2nd
260 _aNew Delhi
_bDhanpat Rai Pub (P) Ltd
_c2005
300 _a28.20
650 _aB.Tech(ME)
942 _2ddc
_cBK
999 _c1931
_d1931